| 000 | 01093nam a2200205Ia 4500 | ||
|---|---|---|---|
| 003 | Ost | ||
| 005 | 20260507075649.0 | ||
| 008 | 260507s9999||||xx |||||||||||||| ||und|| | ||
| 020 | _a7975116977 | ||
| 040 | _cfsecg | ||
| 041 | _aara | ||
| 082 | _a910.133 | ||
| 100 |
_aالزوكة، محمد خميس _eمؤلف |
||
| 245 | 0 |
_aالجغرافيا الإقتصادية / _c محمد خميس الزوكة |
|
| 260 |
_aالإسكندرية: _bدار المعرفة الجامعية, _c1998 |
||
| 300 |
_a527 صفحة؛ _bإيضاحات ؛ _c24 سم |
||
| 520 | _aالجغرافيا الإقتصادية- العوامل الطبيعية- موارد الثروة- العوامل البشرية والحضارية- قطع الاخشاب- صيد الأسماك- الرعي التجاري الزراعي- الحبوب الغذائية- محاصيل السكر - محاصيل المنبهات- محاصيل الزيت- محاصيل الالياف- محاصيل ذات أهمية خاصة. | ||
| 653 | _aالجغرافيا الإقتصادية - التجارة الدولية | ||
| 942 | _cكتاب | ||
| 999 |
_c45541 _d45541 |
||